000 00755nam a2200193Ia 4500
008 151121s9999||||xx |||||||||||||| ||und||
082 _a812/बेडेक
082 _bHNW-116393
100 _aबेडकर विश्राम
245 _aटिळक आणि आगरकर-तीन अंकी नाटक
260 _b"पॉप्युलर प्रकाशन, मुंबई"
260 _c1980
300 _a103
600 _aबेडकर विश्राम
630 _aटिळक आणि आगरकर-तीन अंकी नाटक
700 _aबेडकर विश्राम
730 _aटिळक आणि आगरकर-तीन अंकी नाटक
942 _cBOOK
999 _c1265035
_d1265032